000 01193nam a2200373 i 4500
001 26990
003 KOSZ 005
005 20211126142253.0
008 010724s1977 pl a f |001 0 pol
015 _aPB 1977/3560
040 _aWA N
_cWA N
_dKOSZ 005/HR
041 0 _apol
046 _k1977
080 _a621.1.01:536.7
080 _a669.041
080 _a519.61/.64
100 1 _aSzargut, Jan
_d(1923-2017)
_eAutor
245 1 0 _aMetody numeryczne w obliczeniach cieplnych pieców przemysłowych /
_cJan Szargut.
260 _aKatowice :
_b"Śląsk",
_c1977.
300 _a286, [2] s., [1] k. tabl. :
_bil., tab., wykr. ;
_c17 cm.
380 _aKsiążki
388 _a1901-2000
388 _a1945-1989
490 1 _aBiblioteka Metalurga.
504 _aBibliogr. Indeks.
650 4 _aAnaliza numeryczna
650 4 _aPiec przemysłowy
650 4 _aTermodynamika techniczna
658 _aInżynieria i technika
710 2 _aWydawnictwo "Śląsk"
_4pbl.
830 0 _aBiblioteka Metalurga
856 _uhttp://koha.tu.koszalin.pl/cgi-bin/koha/opac-detail.pl?biblionumber=26990
_yKatalog online BPK
942 _2UKD
_cKS
999 _c26990
_d26990